Fundamentals of Economics/ (Record no. 36006)

MARC details
000 -LEADER
fixed length control field 00525nam a22001697a 4500
005 - DATE AND TIME OF LATEST TRANSACTION
control field 20240702092309.0
008 - FIXED-LENGTH DATA ELEMENTS--GENERAL INFORMATION
fixed length control field 240702b |||||||| |||| 00| 0 eng d
020 ## - INTERNATIONAL STANDARD BOOK NUMBER
ISBN 978-969-417-114-2
082 ## - DEWEY DECIMAL CLASSIFICATION NUMBER
Classification number 330
Item number JAL-F
100 ## - MAIN ENTRY--AUTHOR
Author Name Jalal Ud Din , Muhammad
245 ## - TITLE STATEMENT
Title Fundamentals of Economics/
Remainder of title Micro Economics, Basic Mathematics and Statistics/
Statement of responsibility, etc. Muhammad Jalal Ud Din
260 ## - PUBLICATION, DISTRIBUTION, ETC.
Place of Publication Islamabad;
Name of publisher, distributor, etc. HEC;
Date of publication, distribution, etc. 2008
300 ## - PHYSICAL DESCRIPTION
Pages xxii, 354 p.:
500 ## - GENERAL NOTE
General note Include Bibliography
650 ## - SUBJECT ADDED ENTRY--TOPICAL TERM
Subject / Department Economics
300 ## - PHYSICAL DESCRIPTION
-- ill;
-- 24 cm.
952 ## - LOCATION AND ITEM INFORMATION (KOHA)
-- 0
-- 0
952 ## - LOCATION AND ITEM INFORMATION (KOHA)
-- 0
-- 0
952 ## - LOCATION AND ITEM INFORMATION (KOHA)
-- 0
-- 0
952 ## - LOCATION AND ITEM INFORMATION (KOHA)
-- 0
-- 0
952 ## - LOCATION AND ITEM INFORMATION (KOHA)
-- 0
-- 0
Holdings
Lost status Damaged status Collection code Permanent Location Current Location Shelving Location Date acquired Full Call Number Accession No./Barcode Date last seen Copy number item type Koha item type
    Economics/Commerce Superior Information Resource Center (SIRC) Superior University - City Campus Superior Information Resource Center (SIRC) Superior University - City Campus Economics 07/02/2024 330 JAL-F 2008 2529 07/02/2024 1 BOOK BOOK
    Economics/Commerce Superior Information Resource Center (SIRC) Superior University - City Campus Superior Information Resource Center (SIRC) Superior University - City Campus Economics 07/02/2024 330 JAL-F 2008 2530 07/02/2024 2 BOOK BOOK
    Economics/Commerce Superior Information Resource Center (SIRC) Superior University - City Campus Superior Information Resource Center (SIRC) Superior University - City Campus Economics 07/02/2024 330 JAL-F 2008 2531 07/02/2024 3 BOOK BOOK
    Economics/Commerce Superior Information Resource Center (SIRC) Superior University - City Campus Superior Information Resource Center (SIRC) Superior University - City Campus Economics 07/02/2024 330 JAL-F 2008 2532 07/02/2024 4 BOOK BOOK
    Economics/Commerce Superior Information Resource Center (SIRC) Superior University - City Campus Superior Information Resource Center (SIRC) Superior University - City Campus Economics 07/02/2024 330 JAL-F 2008 2533 07/02/2024 5 BOOK BOOK

Powered by Koha